An introduction to chemical thermodynamics (Record no. 5747)

MARC details
000 -LEADER
fixed length control field 00566 a2200217 4500
001 - CONTROL NUMBER
control field 131223
003 - CONTROL NUMBER IDENTIFIER
control field OSt
005 - DATE AND TIME OF LATEST TRANSACTION
control field 20210909103140.0
008 - FIXED-LENGTH DATA ELEMENTS--GENERAL INFORMATION
fixed length control field
020 ## - INTERNATIONAL STANDARD BOOK NUMBER
International Standard Book Number 9780706999358
082 ## - DEWEY DECIMAL CLASSIFICATION NUMBER
Classification number 541.36
Item number R18I
100 1# - MAIN ENTRY--PERSONAL NAME
Personal name Rastogi, R.P.
245 1# - TITLE STATEMENT
Title An introduction to chemical thermodynamics
Statement of responsibility, etc by R.P. Rastogi and R.R. Misra
250 ## - EDITION STATEMENT
Edition statement 6th rev. ed.
260 ## - PUBLICATION, DISTRIBUTION, ETC. (IMPRINT)
Place of publication, distribution, etc New Delhi
Name of publisher, distributor, etc Vikas Publishing House
Date of publication, distribution, etc 2011
300 ## - PHYSICAL DESCRIPTION
Extent 626p.
630 ## - SUBJECT ADDED ENTRY--UNIFORM TITLE
Uniform title Chemistry
690 ## - LOCAL SUBJECT ADDED ENTRY--TOPICAL TERM (OCLC, RLIN)
Topical term or geographic name as entry element Thermodynamics
700 ## - ADDED ENTRY--PERSONAL NAME
Personal name Misra, R.R.
942 ## - ADDED ENTRY ELEMENTS (KOHA)
Source of classification or shelving scheme Dewey Decimal Classification
Koha item type Books
Holdings
Withdrawn status Lost status Source of classification or shelving scheme Damaged status Not for loan Collection code Home library Current library Date acquired Source of acquisition Cost, normal purchase price Full call number Barcode Date last seen Price effective from Koha item type
    Dewey Decimal Classification     General Text Book Central University Of Rajasthan Central University Of Rajasthan 08/06/2012 CHM 425.00 541.36 R18I 7301 21/11/2024 02/09/2020 Books